000 00453nam a2200145Ia 4500
008 230917s9999||||xx |||||||||||||| ||und||
040 _e172872
_aMAIN
041 _aEnglish
082 _a891.433721 GB959K
100 _aगुप्त, भैरवप्रसाद
245 0 _aकालिन्दी
260 _aनयी दिल्ली
_bविद्या भारती प्रकाशन
_c1974
300 _a239 p.
942 _cHN
999 _c212821
_d212821